00402nam a2200181Ia 4500003000900000008004100009040001300050040001300063041000800076100002300084245005000107250001100157260001500168260000900183300001000192300001200202490000600214IT-RoPAU120407s9999 xx 000 0 und d aIT-RoPAU cIT-RoPAU afra aPaul-Henry Paillou aArthur Rimbaud, père de L’Existentialisme aParis  aEd. Perrin c1947 a92 p. c18,5 cm v1